000 02250nam0a2200421 i 4500
001 RU\NLR\BIBL_A\011099121
005 20260408210822.0
010 _a9785912440472
_9500
021 _aRU
_b2016-22141
_91400
035 _a(NILC)RuMoRGB-008251039
035 _a(NLR Aleph) 011099121
090 _a11410133
_c11410133
100 _a20160408d2016 k y0rusy50 ca
101 0 _arus
_deng
_erus
_eeng
102 _aRU
105 _aa|||z|||001yy
200 1 _aФормирование традиции
_dForging a tradition
_eанглийское историописание второй половины XI - первой половины XII веков
_fС.Г. Мереминский
_gУн-т Дмитрия Пожарского
_zeng
210 _aМосква
_cУниверситет Дмитрия Пожарского
_cРусский фонд содействия образованию и науке
_d2016
_d[т.е. 2015]
215 _a481, [1] с.
_cил.
_d24
225 1 _aСерия: Исследования
_iИстория
300 _aАвт. также на англ. яз.: S. Meriminsky
300 _aРез. на англ. яз.
300 _aКн. фактически изд. в 2015 г.
320 _aБиблиогр.: с. 425-463 и в подстроч. примеч.
320 _aУказ. имен и назв. важнейших аноним. текстов: с. 464-476
320 _aГеогр. указ.: с. 477-480
510 1 _6z33790
_aForging a tradition
_zeng
606 _aИсториография
_yВеликобритания
_z11 - 12 вв.
_3RU\NLR\AUTH\6601594368
_92279986
607 _aВеликобритания
_jИсточники и источниковедение
_xИстория
_zСредние века
_91245782
_3RU\NLR\AUTH\66192229
686 _aТ1(4Вл)42
686 1 _aТ3(4Вл)4,01
700 1 _7ca
_8rus
_aМереминский
_bС. Г.
_gСтанислав Григорьевич
_9151431
_3RU\NLR\AUTH\770151469
790 1 _7ba
_8rus
_aMereminskij
_bS. G.
_gStanislav Grigor'evič
_9157060
_3RU\NLR\AUTH\770157100
801 0 _aRU
_bРГБ
_c20160321
_gRCR
942 _cBOOK
980 _aNBR